Normal view MARC view

Entry Personal Name

Number of records used in: 1

001 - CONTROL NUMBER

  • control field: 118263

003 - CONTROL NUMBER IDENTIFIER

  • control field: OSt

005 - DATE AND TIME OF LATEST TRANSACTION

  • control field: 20230601154436.0

008 - FIXED-LENGTH DATA ELEMENTS

  • fixed length control field: 230601|| aca||aabn | a|a d

040 ## - CATALOGING SOURCE

  • Original cataloging agency: OSt
  • Transcribing agency: OSt

100 ## - HEADING--PERSONAL NAME

  • Personal name: KVADRAS (Valli): ಕ್ವಾಡ್ರಸ್ (ವಲ್ಲಿ) Ed Tr

670 ## - SOURCE DATA FOUND

  • Source citation: Work cat.: (OSt)227375: MATHAYAS (Monika Desa); ಮಥಾಯಸ್ ಮೊನಿಕಾ ಡೆಸಾ 118262, Pananch Fulam jatana:, 2023